000 01047cam a2200301 a 4500
001 3748589
003 ARRUPE
005 20221130153350.0
008 830824s1981 enkaf b 001 0 eng
010 _a 81670150
020 _a0571110665 :
_c$25.00 (U.S.)
028 _bArrupe
040 _aDLC
_cDLC
_dDLC
043 _af-rh---
050 0 0 _aDT962.75
_b.M37 1981
082 0 0 _a968.91/04
_219
100 1 _aMartin, David,
_d1936-
_923093
245 1 4 _aThe struggle for Zimbabwe :
_bthe Chimurenga war /
_cDavid Martin and Phyllis Johnson.
260 _aLondon ;
_aBoston :
_bFaber and Faber,
_c1981.
300 _axvii, 378 p., [19] p. of plates :
_bill. ;
_c23 cm.
504 _aIncludes bibliographical references and index.
610 2 0 _aZimbabwe African National Union.
_913332
650 0 _aNational liberation movements
_zZimbabwe.
_914781
651 0 _aZimbabwe
_xHistory
_yChimurenga War, 1966-1980.
_925956
700 1 _aJohnson, Phyllis.
_923619
906 _a7
_bcbc
_corignew
_d2
_encip
_f19
_gy-gencatlg
942 _2lcc
_cMONOGRAPH
999 _c131627
_d131627